00875nam a22002297a 4500001000400000003001000004005001700014008004100031020001800072040002500090080001700115245013900132260003800271300002700309490005600336504003600392650002500428650004400453700004900497700004600546830005300592288BR-CuiBMT20231129134952.0230926s2009 mgba 001 0 por d a9788577002207 aBR-CuiBMTcBR-CuiBMT 22007a336.2200aIPI :btemas constitucionais polêmicos /cOswaldo Othon de Pontes Saraiva Filho, Marcos Aurélio Pereira Valadão (organizadores). aBelo Horizonte :bFórum,c2009. a496 p. :bil. ;c24 cm1 aColeção Fórum de direito tributário ;vv. 1 aInclui bibliografia e índice. aDireito tributário aImposto sobre produtos industrializados10aSaraiva Filho, Oswaldo Othon de Pontes4org.10aValadão, Marcos Aurélio Pereira4org. 0aColeção Fórum de direito tributário ;v1